000 00380nam a2200169Ia 4500
003 0100
008 130303s9999 xx 000 0 und d
040 _cARRUPELIB
050 _aHB87.G21978
100 _aGalbraith, John Kenneth
245 _aAlmost Everyone's guide to Economics
260 _aNY
260 _bBantam Books
260 _C1978
300 _a161p
942 0 0 _01
999 _c27238
_d27238